Cafta y la cultura en Centroamérica: algunas complejidades y retos /

La autora reflexiona sobre los problemas, retos y oportunidades que plantea el TLC específicamente en la dimensión cultural. Advierte sobre las debilidades del desarrollo cultural en este proceso de apertura que permeará no solo la vivencia cultural sino también las políticas culturales. La concentr...

Volledige beschrijving

Bewaard in:
Bibliografische gegevens
Hoofdauteur: Durán, Sylvie
Formaat: Texto
Onderwerpen:
Tags: Voeg label toe
Geen labels, Wees de eerste die dit record labelt!

MARC

LEADER 00000 a a2200000 04500
001 8887
003
040
100 |a Durán, Sylvie  
245 |a Cafta y la cultura en Centroamérica:   |b algunas complejidades y retos /  |c Sylvie Durán 
520 |a La autora reflexiona sobre los problemas, retos y oportunidades que plantea el TLC específicamente en la dimensión cultural. Advierte sobre las debilidades del desarrollo cultural en este proceso de apertura que permeará no solo la vivencia cultural sino también las políticas culturales. La concentración de la promoción de las actividades culturales en las instituciones estatales en una coyuntura de contracción del estado, la escasa participación del sector empresaria en dichas actividades, la marginalidad del patrimonio intangible pese a sus potencialidades en el desarrollo turístico, expresan la debilidad en que se encuentran las instituciones a cargo de la promoción de la cultura en Centroamérica. Sin embargo, la autora ve potencialidades de desarrollo cultural en el protagonismo que, en este, ha venido adquiriendo la sociedad civil. Para potenciar dicha experiencia propone concebir la cultura como parte de al vida social y, por lo tanto, abrir el panorama a la conformación de novedosas industrias culturales  
650 |a COMERCIO INTERNACIONAL  
650 |a ECONOMIA  
650 |a CULTURA  
650 |a SOCIEDAD  
650 |a AMERICA CENTRAL  
773 |g número 9 -10; páginas 15-30  
999 |c 33535  |d 33535